| 000 | 00000nam##2200000za#4500 |
| 001 | 9.643467 |
| 003 | CaOODSP |
| 005 | 20250611103610 |
| 007 | cr ||||||||||| |
| 008 | 150407|2001||||xxc|||||o f|0| 0 fre|d |
| 040 | |aCaOODSP|bfre |
| 043 | |an-cn--- |
| 086 | 1 |aA22-228/2001F-PDF |
| 110 | 1 |aCanada. |bAgriculture et agroalimentaire Canada. |
| 245 | 10|aAgriculture : |h[ressource électronique]|bbien plus que la production d'aliments |
| 260 | |aOttawa - Ontario : |bAgriculture et Agroalimentaire Canada |cc2001. |
| 300 | |a24p.|bphotographies |
| 500 | |aPublication historique numérisée par Agriculture et Agroalimentaire Canada. |
| 590 | |a15-01-Supp|b2015-01-26 |
| 691 | 07|aIndustrie agro-alimentaire|2gcpds |
| 691 | 07|aInnovation|2gcpds |
| 775 | 08|tAgriculture : |w(CaOODSP)9.699514 |
| 776 | 0#|tAgriculture: bien plus que la production d'aliments |w(CaOODSP)9.681567 |
| 856 | 40|ahttp://publications.gc.ca|qPDF|s1.9 Mo|uhttps://publications.gc.ca/collections/collection_2014/aac-aafc/agrhist/A22-228-2001-fra.pdf |
| 986 | |a2084/F |